Przystanki linii autobusowej 38 w Toruniu - Statystyki

Ogólne statystyki
  • Ten quiz został rozwiązany 8 razy
  • Średni wynik to 8 z 9
Statystyki odpowiedzi
Odpowiedź % Poprawnych
Aleja Solidarności
100%
Bema
100%
PLAC ŚWIĘTEJ KATARZYNY
100%
Targowisko
100%
Wybickiego
100%
Żwirki i Wigury
100%
Bartkiewiczówny
83%
Bractwa Kurkowego
67%
ŚWIĘTEGO ANTONIEGO
50%
Nie znaleziono quizów pasujących do podanych kryteriów
Rozkład punktacji
Procent ludzi z każdym wynikiem
Percentyl według liczby udzielonych odpowiedzi
Twoja historia wyników
Nie rozwiązałeś tego quizu